30 in 60: World Capitals Quiz Stats

 Plays Quiz Updated Dec 22, 2015

Support Sporcle.
Go Orange.
Score 0/30 Timer 01:00
18 Plays Today
% Correct
Washington, D.C.
65%
Paris
64.5%
Rome
63.4%
London
63.3%
Madrid
62.7%
Tokyo
62.6%
Moscow
62.1%
Athens
61.8%
Cairo
61.4%
Berlin
61.2%
Dublin
60.2%
Beijing
60.1%
Ottawa
60.1%
Seoul
59.8%
Buenos Aires
59.5%
% Correct
Brasília
59.2%
New Delhi
59.1%
Havana
59%
Lima
58.6%
Jerusalem
58.4%
Brussels
57.6%
Canberra
56.7%
Bangkok
56.5%
Amsterdam
56.2%
Warsaw
56%
Baghdad
55.9%
Nairobi
54.2%
Oslo
53.8%
Helsinki
52.9%
Stockholm
51.8%

From the Vault

Front-Words to Back-Words II

by MSUKent

Words every which way.
Remove Ads.
Support Sporcle.
Get the best of Sporcle when you Go Orange. This ad-free experience offers more features, more stats, and more fun while also helping to support Sporcle. Thank you for becoming a member.

Show Comments

Extras

Top Quizzes Today


Score Distribution

Your Account Isn't Verified!

In order to create a playlist on Sporcle, you need to verify the email address you used during registration. Go to your Sporcle Settings to finish the process.

Report this User

Report this user for behavior that violates our Community Guidelines.

Details: